Nommez un film Disney/Pixar de A à Z - Statistiques

Statistiques générales
  • Ce quiz a été pris 44 905 fois
    44 423 depuis la dernière actualisation
  • Le résultat moyen est 11 sur 20
Statistiques - réponses
Lettres Films % Correct
B Les Bagnoles / Les Bagnoles 2 / Les Bagnoles 3 / Bambi / Basil, détective privé / La Belle au bois dormant / La Belle et la Bête / La Belle et le Clochard / Bernard et Bianca au pays des kangourous / Bernard et Bianca en Australie / Bienvenue chez les Robinson / Blanche-Neige et les Sept Nains / La Boîte à musique / Le Bon Dinosaure / Le Bossu de Notre-Dame / Buzz l'Éclair
92%
C Cars / Cars 2 / Cars 3 / Cendrillon / Chicken Little / Coco / Contes d'automne et de printemps / Coquin de printemps / Le Crapaud et le Maître d'école
91%
R Raiponce / Ralph 2.0 / Ralph brise l'Internet / Ratatouille / Raya et le Dernier Dragon / Rebelle / La Reine des neiges / La Reine des neiges 2 / Robin des Bois / Le Roi Lion / Rox et Rouky
89%
A Aladdin / Alerte rouge / Alice au pays des merveilles / Âme / Les Aristochats / Atlantide, l'empire perdu / Atlantis, l'empire perdu / Avalonia : L'Étrange Voyage / Les Aventures de Bernard et Bianca / Les Aventures de Winnie l'ourson
83%
P Peter Pan / Petit Poulet / La Petite Sirène / Pinocchio / La Planète au trésor : un nouvel univers / Pocahontas : Une légende indienne / La Princesse et la Grenouille
79%
M Mélodie Cocktail / Merlin l'enchanteur / Les Merveilleuses aventures de Winnie l'ourson / Moana / Moana 2 / Mon Frère l'ours / Le Monde de Dory / Le Monde de Nemo / Les Mondes de Ralph / Monstres Academy / Monstres et Cie / Monstres, Inc. / Mulan
73%
V Vaiana : La Légende du bout du monde / Vaiana 2 / Vice-versa / Vice-versa 2 / Une vie de bestiole / Volt, star malgré lui / Le Voyage d'Arlo
72%
T Taram et le Chaudron magique / Tarzan / Le Temps d'une mélodie / Toy Story / Toy Story 2 / Toy Story 3 / Toy Story 4 / Les Trois Caballeros / Trouver Dory / Trouver Nemo
65%
L Là-haut / Lightyear / Lilo et Stitch / Le Livre de la jungle / Luca
60%
1 Les 101 Dalmatiens / 1001 pattes
58%
W WALL-E / Winnie l'ourson / Wish : Asha et la Bonne Étoile
58%
D Dinosaure / Dumbo
57%
Z Zootopia / Zootopia 2 / Zootopie / Zootopie 2
56%
E Élémentaire / Elio / Un Empereur nouveau genre / En avant / Encanto : La Fantastique Famille Madrigal
52%
H Hercule / Histoire de jouets / Histoire de jouets 2 / Histoire de jouets 3 / Histoire de jouets 4
47%
F Fantasia / Fantasia 2000 / La Ferme de la prairie / La ferme se rebelle / Frère des ours
45%
I Les Incroyable / Les Incroyable 2 / Les Indestructibles / Les Indestructibles 2
28%
S Saludos Amigos / Sauteurs / Sens dessus dessous / Sens dessus dessous 2 / Le Souhait : Asha et la Bonne étoile / Soul
20%
N Les Nouveaux Héros
12%
O Oliver et Compagnie
11%
Aucun quiz correspondant
Distribution des résultats
% des personnes avec chaque résultat
Percentile par nombre de réponses
Votre historique - résultats
Vous n’avez pas pris ce quiz depuis la dernière actualisation